| 000 | 00744nam a22002057a 4500 | ||
|---|---|---|---|
| 999 |
_c12730 _d12730 |
||
| 003 | AR-CdUCM | ||
| 008 | 190410b ||||| |||| 00| 0 spa d | ||
| 040 |
_aMUNICIPALIDAD PROVINCIAL DEL CUSCO _cBIBLIOTECA MUNICIPAL DEL CUSCO |
||
| 082 |
_24ed. _aC / 371 / _bC547 |
||
| 100 |
_aChevarria, Mario Fernando _930748 |
||
| 245 | _aFiestas escolares / | ||
| 260 |
_aCusco : _c1988. |
||
| 300 |
_a398 paginas ; _c21 cm. |
||
| 505 | _aContenido : Iniciación de las labores escolares -- Día mundial de la salud -- Día del trabajador -- Día de la madre -- La batalla de Arica... | ||
| 650 |
_aEtapa escolar _930749 |
||
| 650 |
_aCelebración _930750 |
||
| 650 |
_aFiestas escolares _930751 |
||
| 942 |
_2ddc _cLIBROS |
||
| 945 |
_awnts _d2019-04-10 |
||